Valtiot, joiden nimessä on Y - Statistics

Yleistilastot
  • Tätä visaa on pelattu 2 195 kertaa
  • Keskiarvotulos 7 / 12
Vastaustilastot
valtio % Oikein
Yhdysvallat
89%
Yhdistynyt kuningaskunta
75%
Yhdistyneet arabiemiraatit
71%
Syyria
67%
Paraguay
58%
Uruguay
58%
Libya
56%
Myanmar
56%
Guyana
49%
Egypti
43%
Seychellit
40%
Kypros
39%
Ehtoja vastaavia visoja ei löytynyt
Tulosjakauma
Jokaisen tuloksen saaneiden osuus
Persentiili vastausten määrän mukaan
Tuloshistoriasi
Et ole pelannut tätä visaa